000 01312nam a2200181 i 4500
001 184551
003 ES-MaACL
005 20230906222226.0
008 151022s1792 sp |||| | spa d
100 1 _aGourcy, Francois-Antoine Etienne de.
_9157971
245 1 0 _aColección de los apologistas antiguos de la Religion Christiana, S. Justino, Tociano de Siria, Atenágoras, Teófilo de Antioquía, Minucio, Felix y Origenes Traducidos o analizados /
_cobra escrita en francés por el abate de Gourcy... ; traducida al castellano por D. Manuel Ximeno y Urieta.
260 _aMadrdid :
_bImp. Real,
_c1792.
300 _a2 v. ;
_c21 cm.
505 8 _aContiene: I: Apologías de San Justino (p.1) - Apología de Taciano de Siria (p. 52) - Apología de Atenágoras (p. 55) - Apología de Teofilo de Antioquía (p. 81) - Extracto del tratado de Tertuliano contra Morción (p. 117) - El Octavio de [Marco] Minucio Felix (p. 155) - Tratado de Orígenes contra Celso (p. 207) - II: Tratado de Orígenes contra Celso (continuación) - Cuadro del cristianismo, sacado de la obra intitulada: Espíritu de los apologistas de la religión cristiana (p. 321)
650 0 4 _aApologética-
_vObras anteriores a 1800.
_99922
700 1 _aXimeno y Urieta, Manuel.
_9157972
852 _aES-MaACL
_jR-1170-71
_x Olim: G- 10838-39
999 _c184551
_d184551